LIBRARY & INFORMATION CENTRE, KCAET, TAVANUR

ONLINE PUBLIC ACCESS CATALOGUE (OPAC)

Statistics / (Record no. 10510)

MARC details
000 -LEADER
fixed length control field 00627cam a2200265ua 4500
041 ## - LANGUAGE CODE
Language code of text/sound track or separate title eng
082 ## - DEWEY DECIMAL CLASSIFICATION NUMBER
Classification number 519.5
Item number VEN/ST
100 ## - MAIN ENTRY--AUTHOR NAME
Personal name Venkatesan, K .
245 ## - TITLE STATEMENT
Title Statistics /
250 ## - EDITION STATEMENT
Edition statement 3 /
260 ## - PUBLICATION, DISTRIBUTION, ETC. (IMPRINT)
Place of publication Chennai :
Name of publisher The National Publishing Co ,
Year of publication 1965.
300 ## - PHYSICAL DESCRIPTION
Number of Pages 470 :
Other physical details 506 ; .
942 ## - ADDED ENTRY ELEMENTS (KOHA)
Koha item type Books
Holdings
Withdrawn status Lost status Damaged status Home library Current library Date acquired Cost, normal purchase price Full call number Accession Number Koha item type
Withdrawn     KAUAET KAUAET 07/04/2012 7.50 519.5 VEN/ST 7773 Books
Withdrawn     KAUAET KAUAET 07/04/2012 7.50 519.5 VEN/ST 7774 Books
Withdrawn     KAUAET KAUAET 07/04/2012 7.50 519.5 VEN/ST 7769 Books
Withdrawn     KAUAET KAUAET 07/04/2012 7.50 519.5 VEN/ST 7780 Books
Withdrawn     KAUAET KAUAET 07/04/2012 7.50 519.5 VEN/ST 7775 Books
Withdrawn     KAUAET KAUAET 07/04/2012 7.50 519.5 VEN/ST 7778 Books
Withdrawn     KAUAET KAUAET 07/04/2012 7.50 519.5 VEN/ST 7772 Books
Withdrawn     KAUAET KAUAET 07/04/2012 7.50 519.5 VEN/ST 7779 Books
Withdrawn Lost and Paid For   KAUAET KAUAET 16/07/2020 7.50 519.5 VEN/ST 7771 Books
Withdrawn Lost and Paid For   KAUAET KAUAET 16/07/2020 7.50 519.5 VEN/ST 7776 Books
free website counter